00612 2200169 4500001002100000005001700021008004100038035002500079040001200104082001700116084002700133100005100160245012800211260005200339650003900391850001200430INLIS00000000001553920151104113755.0  a0010-111500000000152 aYOPDYOG a328.95982271 aDEP 328.95982271 Yog P aYOGYAKARTA. Dewan Perwakilan Rakyat Daerah DIY aProduk Dewan Perwakilan Rakyat Daerah Provinsi DIY tahun 2011 ; Himpunan peraturan Daerah Provinsi DIY (Perda No. 4 s.d. 8) aYogyakartabSekretariat DPRD Provinsi DIYc2011 aDewan Perwakilan Rakyat Daerah DIY aYOPDYOG